000 00706cam a22002053a 4500
001 40507
003 PGUSA
005 20140828083914.0
008 120814s2012||||xxu|||||s|||||000 | eng d
040 _aPGUSA
_beng
042 _adc
100 1 _aGraham, Stephen,
_d1884-1975
245 1 4 _aThe Challenge of the Dead :
_bA vision of the war and the life of the common soldier in France, seen two years afterwards between August and November, 1920
_h[electronic resource] /
_cStephen Graham
260 _bProject Gutenberg,
_c2012
506 _aPublic domain in the USA.
516 _aElectronic text
830 0 _aProject Gutenberg
_v40507
856 4 0 _uhttp://www.gutenberg.org/ebooks/40507
942 _cEB
999 _c269760
_d269760